000 00588nam a2200169 a 4500
005 20210219161611.0
008 121112s1993 mx r 000 0 spa d
035 _aUPN01000188397
049 _aUNE
080 4 _a377(100) =20 "1993" RAPP
111 2 _aInternational consultation meeting on the role of technical and vocational education in educational systems
_d(1993 :
_cTurin, Italy)
245 0 0 _aFinal report
260 _aTurin, Italy :
_bUNESCO,
_c1993.
300 _a19 p.
440 0 _aED/93.C/19
500 _aInternational projet on technical and vocational education (UNEVOC)
999 _c160500
_d160500